Sports Quiz

Random Sports or NFL Quiz

NFL - 500 Rush, 500 Receiving Yds by Team (since 1978) Quiz Stats

 Plays Quiz Updated Jan 10, 2018

Challenge
Share
Tweet
Embed
Score 0/139 Timer 13:00
6 Plays Today
Team Player % Correct
ColtsMarshall Faulk
87.5%
ColtsMarshall Faulk
87.5%
RamsMarshall Faulk
87.5%
RamsMarshall Faulk
87.5%
RamsMarshall Faulk
87.4%
RamsMarshall Faulk
87.4%
ChargersLaDainian Tomlinson
86.1%
ChargersLaDainian Tomlinson
86.1%
Oilers-TitansChris Johnson
83.3%
ColtsAnthony Johnson
83.1%
JetsJohnny Johnson
83.1%
GiantsTiki Barber
82.2%
GiantsTiki Barber
82.2%
GiantsTiki Barber
82.2%
GiantsTiki Barber
82.2%
GiantsTiki Barber
82.2%
BillsThurman Thomas
81.6%
BillsThurman Thomas
81.6%
BillsThurman Thomas
81.6%
BillsThurman Thomas
81.6%
SaintsPierre Thomas
81.4%
EaglesLeSean McCoy
80.7%
EaglesLeSean McCoy
80.7%
SteelersLe'Veon Bell
80.2%
LionsKevin Jones
80.1%
LionsJames Jones
80.1%
SteelersLe'Veon Bell
80%
LionsJoique Bell
79.9%
BillsGreg Bell
79.9%
BillsFred Jackson
79.8%
RamsSteven Jackson
79.8%
ColtsEdgerrin James
79.2%
ColtsEdgerrin James
79.2%
ChargersLionel James
79%
BearsMatt Forte
78.9%
BearsMatt Forte
78.9%
BearsMatt Forte
78.9%
RavensRay Rice
78.2%
RavensRay Rice
78.2%
RavensRay Rice
78.2%
PackersAhman Green
77.1%
PackersAhman Green
77.1%
ChiefsPriest Holmes
76.2%
ChiefsPriest Holmes
76.2%
ChiefsPriest Holmes
76.2%
EaglesBrian Westbrook
76.1%
EaglesBrian Westbrook
76.1%
Team Player % Correct
EaglesBrian Westbrook
76.1%
EaglesBrian Westbrook
76.1%
ChiefsJamaal Charles
73.3%
BearsWalter Payton
72.6%
TexansArian Foster
72.3%
TexansArian Foster
72.3%
SaintsReggie Bush
71.8%
LionsReggie Bush
71.8%
JetsCurtis Martin
68.7%
JaguarsMaurice Jones-Drew
67.8%
RaidersMarcus Allen
66.8%
RaidersMarcus Allen
66.8%
RaidersMarcus Allen
66.8%
SaintsRicky Williams
63.5%
TexansDomanick Williams
63.5%
VikingsMoe Williams
63.5%
SeahawksJohn L. Williams
63.4%
SeahawksJohn L. Williams
63.4%
CardinalsOttis Anderson
60.1%
SaintsAlvin Kamara
59.8%
RamsTodd Gurley
59.5%
49ersRoger Craig
57.6%
49ersRoger Craig
57.6%
49ersRoger Craig
57.6%
49ersRoger Craig
57.6%
BucsWarrick Dunn
57.3%
SaintsDeuce McAllister
57.1%
49ersRicky Watters
55.8%
SeahawksRicky Watters
55.8%
FalconsDevonta Freeman
54.5%
CowboysHerschel Walker
52%
CowboysHerschel Walker
52%
CowboysHerschel Walker
52%
EaglesHerschel Walker
52%
EaglesHerschel Walker
52%
RaidersDarren McFadden
51.7%
49ersGarrison Hearst
51.5%
BengalsGiovani Bernard
45.3%
VikingsTed Brown
43.8%
VikingsTed Brown
43.8%
SaintsDarren Sproles
43.7%
BroncosKnowshon Moreno
42.6%
EaglesDuce Staley
42.1%
EaglesDuce Staley
42.1%
PackersDorsey Levens
38%
Oilers-TitansLorenzo White
32.7%
BrownsEarnest Byner
32.1%
Team Player % Correct
49ersCharlie Garner
31.7%
49ersCharlie Garner
31.7%
RaidersCharlie Garner
31.7%
RaidersCharlie Garner
31.7%
BucsCharles Sims
31.5%
LionsBilly Sims
30.5%
EaglesWilbert Montgomery
25.9%
EaglesWilbert Montgomery
25.9%
PackersEdgar Bennett
25.3%
PackersEdgar Bennett
25.2%
BengalsJames Brooks
20.5%
BengalsJames Brooks
20.5%
BucsJames Wilder
18.7%
RaidersLaMont Jordan
17.1%
FalconsWilliam Andrews
14.7%
FalconsWilliam Andrews
14.7%
FalconsWilliam Andrews
14.7%
CardinalsMichael Pittman
13.7%
BucsMichael Pittman
13.7%
ChargersLydell Mitchell
13.6%
CardinalsStump Mitchell
13.6%
RedskinsJoe Washington
11.9%
ColtsJoe Washington
11.9%
SaintsDalton Hilliard
11.4%
EaglesKeith Byars
11.3%
BrownsEric Metcalf
10.1%
BillsJoe Cribbs
9.6%
BillsJoe Cribbs
9.6%
VikingsRickey Young
9.5%
VikingsDarrin Nelson
7.2%
VikingsDarrin Nelson
7.2%
DolphinsTony Nathan
6.6%
DolphinsTony Nathan
6.6%
PatriotsTony Collins
5.9%
49ersEarl Cooper
4.6%
PackersGerry Ellis
4.2%
CowboysRon Springs
3.1%
ChargersRonnie Harmon
3%
ColtsAlbert Bentley
2.8%
FalconsJohn Settle
2.1%
SaintsTony Galbreath
2%
49ersDerek Loville
2%
49ersPaul Hofer
1.3%
RamsRobert Delpino
1.1%
BroncosDave Preston
0.6%

You're not logged in!

Compare scores with friends on all Sporcle quizzes.
Join for Free
OR
Log In

You Might Also Like...

Show Comments

Extras

Top Quizzes Today


Score Distribution

Your Account Isn't Verified!

In order to create a playlist on Sporcle, you need to verify the email address you used during registration. Go to your Sporcle Settings to finish the process.

Report this User

Report this user for behavior that violates our Community Guidelines.

Details: